| 000 | 00550nam a2200157 a 4500 | ||
|---|---|---|---|
| 008 | 120416s1969 ||||||||||||||||| || u | ||
| 050 | _aHD 205 Lit | ||
| 100 | _aLittle, Charles E | ||
| 245 | 1 | 0 | _aChallenge of the land |
| 246 | _aopen space preservation at the local level | ||
| 260 |
_aNew York _bPergamon Press _c1969 |
||
| 350 | _a0.00 | ||
| 650 | _aLAND | ||
| 650 | _aLAND PRESERVATION | ||
| 995 |
_D0.00 _FCBU-MAIN LIBRARY (Kitwe) _H1 _I8.50 _M1 _UAVAILABLE _ZMain Library Open Access Collection |
||
| 999 |
_c37008 _d37008 |
||